Estatutos del Colegio de Farmacéuticos de la ciudad de Cádiz. (Record no. 169988)

MARC details
000 -LEADER
campo de control de longitud fija 00517nam a22001455i 4500
001 - NÚMERO DE CONTROL
campo de control 169988
003 - IDENTIFICADOR DE NÚMERO DE CONTROL
campo de control ES-MaACL
005 - FECHA Y HORA DE LA ÚLTIMA TRANSACCIÓN
campo de control 20230906214247.0
008 - DATOS DE LONGITUD FIJA--INFORMACIÓN GENERAL
campo de control de longitud fija 090108s1858 sp |||| | spa d
110 2# - ENTRADA PRINCIPAL--NOMBRE DE ENTIDAD CORPORATIVA
Nombre de entidad corporativa o nombre de jurisdicción como elemento de entrada Colegio de Farmacéuticos de la ciudad de Cádiz.
9 (RLIN) 139168
245 10 - MENCIÓN DEL TÍTULO
Título Estatutos del Colegio de Farmacéuticos de la ciudad de Cádiz.
260 ## - PUBLICACIÓN, DISTRIBUCIÓN, ETC.
Lugar de publicación, distribución, etc. Cádiz :
Nombre del editor, distribuidor, etc. [s.n.],
Fecha de publicación, distribución, etc. 1858 (
Fabricante Impr. de la Revista Médica)
300 ## - DESCRIPCIÓN FÍSICA
Extensión 15 p. ;
Dimensiones 20 cm.
852 ## - LOCALIZACIÓN
Ubicación ES-MaACL
Número de control de estantería T-370-F-27
Nota libre .- Sello de: "Los Escolares Médicos"
Holdings
Estatus retirado Estado de pérdida Estado de daño No para préstamo Colección Biblioteca de origen Biblioteca actual Ubicación en estantería Fecha de adquisición Fuente de adquisición Total de préstamos Signatura topográfica completa Código de barras Visto por última vez Precio de reemplazo Tipo de ítem Koha
        Colección de folletos Biblioteca del Ateneo de Madrid Biblioteca del Ateneo de Madrid Depósito folletos 08/01/2009     T-370-F-27 1178473 23/02/2023 23/02/2023 Folleto